00523 2200181 4500001002100000005001500021035002000036245008300056100001700139250001200156300004600168260004500214082001300259084001900272020001800291650002200309990001000331INLIS00000000003860220251001020701 a0010-10250000101 aMenyibak Tabir Orde Baru :bMemoar Politik Indonesia 1965-1998 /cJusuf Wanand0 aJusuf Wanand aPertama axxvii + 410 Halaman :bIlustrasi ;c23 cm aJakarta :bKompas Media Nusantara,c2014 a959.8037 a959.8037 JUS m a9786024124427 4aSejarah Orde Baru a38856